| 000 | 00000nam##2200000za#4500 |
| 001 | 9.639609 |
| 003 | CaOODSP |
| 005 | 20240314152355 |
| 007 | cr ||||||||||| |
| 008 | 150407|2010||||xxc|||||o f|0| 0 fre|d |
| 020 | |a978-1-100-98538-1 |
| 040 | |aCaOODSP|bfre |
| 043 | |an-cn--- |
| 086 | 1 |aPS4-93/2010F-PDF |
| 110 | 1 |aCanada. |bSécurité publique Canada. |
| 245 | 10|aImpact des mesures de répression contre le crime organisé, sur la collectivité : |h[ressource électronique]|bune analyse rétrospective / |ceffectuée par Thomas Gabor ... [et al.]. |
| 260 | |aOttawa - Ontario : |bSécurité publique Canada |c2010. |
| 300 | |a182p.|bfigure, graphique, tableaux |
| 500 | |a«Rapport n° 006, 2010»--p. 1 de 182. |
| 504 | |aBibliographie. |
| 590 | |a12-05-Supp|b2012-03-02 |
| 720 | 1 |aGabor, Thomas |
| 775 | 08|tCommunity effects of law enforcement countermeasures against organized crime : |w(CaOODSP)9.695473 |
| 856 | 40|ahttp://publications.gc.ca|qPDF|s1.89 Mo|uhttps://publications.gc.ca/collections/collection_2012/sp-ps/PS4-93-2010-fra.pdf |